STUDYING PUBLIC POLICY : (Registro nro. 54510)
[ vista simple ]
| 000 -LEADER | |
|---|---|
| fixed length control field | 00799nam a2200205 a 4500 |
| 001 - CONTROL NUMBER | |
| control field | 54510 |
| 005 - DATE AND TIME OF LATEST TRANSACTION | |
| control field | 20180714045358.0 |
| 008 - FIXED-LENGTH DATA ELEMENTS--GENERAL INFORMATION | |
| fixed length control field | 140415s2009 xxc 000 0 eng d |
| 020 ## - INTERNATIONAL STANDARD BOOK NUMBER | |
| International Standard Book Number | 9780195428025 |
| 041 ## - LANGUAGE CODE | |
| Language code of text/sound track or separate title | eng |
| 082 ## - DEWEY DECIMAL CLASSIFICATION NUMBER | |
| Classification number | 320.6 |
| Item number | HOW |
| 100 1# - MAIN ENTRY--PERSONAL NAME | |
| Personal name | HOWLETT, MICHAEL |
| 245 10 - TITLE STATEMENT | |
| Title | STUDYING PUBLIC POLICY : |
| Remainder of title | POLICY CYCLES AND POLICY SUBSYSTEMS |
| 250 ## - EDITION STATEMENT | |
| Edition statement | 1a ed. |
| 260 ## - PUBLICATION, DISTRIBUTION, ETC. | |
| Place of publication, distribution, etc. | CANADA : |
| Name of publisher, distributor, etc. | OXFORD UNIVERSITY PRESS, |
| Date of publication, distribution, etc. | 2009 |
| 300 ## - PHYSICAL DESCRIPTION | |
| Extent | 450 |
| Dimensions | 15.1 x 1.5 x 22.8 |
| 520 ## - SUMMARY, ETC. | |
| Summary, etc. | THIS THRID EDITION HAS BEEN EXTENSYVELY REVISED WITH UNDERGRADUATE READERS IN MIND. THE LANGUAGE AND TRUCTURE HAVE BEEN STEAMLINED, AND EACH CHAPTER NOW INCLUDES STUDY QUESTIONS AND SUGGESTIONS FOR FURTHER READING. |
| 650 14 - SUBJECT ADDED ENTRY--TOPICAL TERM | |
| Topical term or geographic name entry element | CIENCIAS POLITICAS |
| 700 1# - ADDED ENTRY--PERSONAL NAME | |
| Personal name | RAMESH, M. -PERL, ANTHONY |
| Relator term | coaut. |
| Withdrawn status | Lost status | Source of classification or shelving scheme | Damaged status | Not for loan | Collection code | Home library | Current library | Shelving location | Date acquired | Source of acquisition | Inventory number | Total Checkouts | Full call number | Barcode | Date last seen | Date last checked out | Price effective from | Koha item type |
|---|---|---|---|---|---|---|---|---|---|---|---|---|---|---|---|---|---|---|
| Dewey Decimal Classification | General | Biblioteca Karol Wojtyla | Biblioteca Karol Wojtyla | Sala general | 03/12/2013 | Compra | 151000000000000000056031 | 2 | 320.6 HOW | 81617 | 05/01/2026 | 02/05/2019 | 03/12/2013 | Libro | ||||
| Dewey Decimal Classification | General | Biblioteca Karol Wojtyla | Biblioteca Karol Wojtyla | Sala general | 03/12/2013 | Compra | 151000000000000000056030 | 320.6 HOW | 81616 | 05/01/2026 | 03/12/2013 | Libro |